=LDR 00000nam 2200000 4500 =001 INLIS000000000041118 =005 20130612150652 =008 ***********************************ind** =035 ##$$0010-061300000041118 =041 ##$$a ind =082 ##$$a 641.8 =090 ##$$a 641.8 , che ,s =100 ##$$a CHENDHAWATI =245 ##$$a Seri resep andalan ny.liem , Sajian Mi populer , Chendhawati =260 ##$$a 2008 $b Jakarta =300 ##$$a 72 hlm. , Illus , 21 cm =650 ##$$a MASAKAN MI - RESEP =850 ##$$a NBPNMAT =990 ##$$a 0001/BPAP-NTB/20142014 =990 ##$$a 0001/BPAP-NTB/20142015